01631nam a22002897a 450000500170000000800400001702000150005705000240007224503130009625000110040926002230042030000280064349000300067150400320070165000510073365000520078465100520083665100490088870000430093770000430098070000390102370000360106271000620109894200130116099900190117395201490119220250130143927.0250130b cl d|||| |||| 00| 0 spa|d a921322023504aHC130.E5 bS67 200203aLa sostenibilidad del desarrollo en América Latina y el Caribeb : desafíos y oportunidadesc / coordinación sustantiva Alicia Bárcena Ibarra, Ricardo Sánchez Sosa ; redacción Roberto Guimaráes,...[et al.] ; consultores Antonio Elizalde,...[et al.] ; colaboradores Jean Acquatella,...[et al.]. a1a ed. aSantiago de Chile :bComisión Económica para América Latina y el Caribe (CEPAL) :bPrograma de las Naciones Unidas para el Medio Ambiente, Oficina Regional para América Latina y el Caribe, (PNUMA/ORPALC),c2002 a251 p. :bil. ;c24 cm.0 aLibros de la CEPAL ; v68 aBibliografía : p. 229-235 72lembaDesarrollo sostenible zAmérica Latina 72lembaDesarrollo sostenible zÁrea del Caribe 72lembaAmérica LatinaxCondiciones ambientales 4aÁrea del Caribe xCondiciones ambientales1 aBárcena Ibarra, Aliciaecoordinador.1 aSánchez Sosa, Ricardo ecoordinador.1 aGuimaráes, Roberto ecolaborador1 aAcquatella, Jean ecolaborador2 aComisión Económica para América Latina y el Caribe  2lcccLIB c144740d144738 102lcc4078aLIC-029bLIC-029cGENERALd2025-01-17eUAf1a ed.h iCEAkCSAoHC130.E5 S67 2002pBFE000014716r2018-09-28 00:00:00t1v1.00yLIB